| 000 | 01056nam a2200277 i 4500 | ||
|---|---|---|---|
| 001 | 172025 | ||
| 003 | ES-MaACL | ||
| 005 | 20250808062822.0 | ||
| 007 | t| | ||
| 008 | 090612s1987 sp |||| | spa d | ||
| 020 | _a84-220-1291-X | ||
| 100 | 0 |
_aBernardo, _cSanto, _d1090?-1153 _928290 |
|
| 245 | 1 | 0 |
_aObras completas de San Bernardo. _nV, _pSermones sobre el Cantar de los Cantares / _cedición preparada por los Monjes Cistercienses de España ; introducción por Juan María de la Torre ; traducción por Iñaki Aranguren. |
| 250 | _aEd. bilingüe. | ||
| 260 |
_aMadrid : _bLa Editorial Católica, _c1987. |
||
| 300 |
_aXVIII, 1065 p. ; _c20 cm. |
||
| 490 | 1 |
_aBiblioteca de autores cristianos ; _v491 |
|
| 546 | _aTexto latino y traducción en español. | ||
| 650 | 0 | 7 |
_aReligión _2embne _916797 |
| 700 | 1 |
_aAranguren, Iñaki. _922313 |
|
| 700 | 1 |
_aTorre, Juan María de la. _9110745 |
|
| 710 | 2 |
_aCistercienses. _9151139 |
|
| 830 | 0 | 0 |
_aBiblioteca de autores cristianos _v491 _9178679 |
| 852 |
_aES-MaACL _jJ-479 |
||
| 999 |
_c172025 _d172025 |
||